| 000 | 00645nam a2200181 a 4500 | ||
|---|---|---|---|
| 001 | 000039769 | ||
| 005 | 20201002033726.0 | ||
| 008 | 130718s1996 ec 000 0 spa d | ||
| 040 |
_aDO-SdBNP _bspa _cBNPHU |
||
| 100 | 1 |
_aLavallé, Bernard _965965 |
|
| 245 | 1 | 3 |
_aEl cuestionamiento de la esclavitud en Quito colonial / _cBernard Lavallé ; editor Jorge Nuñez Sánchez. |
| 260 |
_aEcuador : _bUniversidad Estatal de Bolivar, _c1996. |
||
| 300 |
_a79 p. ; _c16 cm. |
||
| 490 | 1 |
_aTodo es Historia _vno. 8 |
|
| 500 | _aIncluye notas al pie de las páginas | ||
| 700 | 1 |
_aNuñez Sánchez, Jorge, _eed. _913252 |
|
| 830 | 0 |
_aTodo es Historia _n8 _965966 |
|
| 999 |
_c39259 _d39259 |
||